000 00440nam a22001817a 4500
003 MPLRDC
005 20220104151552.0
008 210129b ||||| |||| 00| 0 eng d
020 _a7-04-004842-6
082 _a411.1 ZJC
100 _a赵继承编著
245 _a知识分子养生与康复
_c
250 _a第一版
260 _a
_b高等教育出版社
_c1994
300 _b
650 _a健康法
942 _cBK
_o411.1 ZJC
999 _c52438
_d52428